LEADER 00810nam a2200205 i 4500 001 000000192632 003 CaOOAMICUS 005 20100924000000.0 008 100924s1920 it u000 u ita u 013 $a171256 040 $aSeMil$bita 100 1 $aBattaglia, Eliseo.$0(OLS)http://semarc/name/9696 245 10$aGiovanna d'Arco /$cEliseo Battaglia. 260 $aMilano :$bTip. Santa Lega Eucaristica,$c1920. 300 $a187 p., [1] p. di ritratto ;$c20 cm. 600 04$aGiovanna : d'Arco .$0(OLS)http://semarc/subject/8718 850 $aSeMil 852 $aSeMil$W1$xVenegono$y1$m3J I 111$j143207$B143207$CSeMilBibl$Z2$F154631 $81 996 $6245$aGiovanna d'Arco$9(OLS)http://semarc/title/87805 996 $6260$aMilano :$bTip. Santa Lega Eucaristica$9(OLS)http://semarc/publisher/35074 LEADER 01099nam a2200253 i 4500 001 000000081576 003 CaOOAMICUS 005 20180615000000.0 008 180615n it u000 u ita u 013 $a53816 040 $aSeMil$bita 100 1 $aTicozzi, Sergio.$0(OLS)http://semarc/name/91721 245 10$aMissionari PIME in Cina :$bsfide passate e presenti /$cSergio Ticozzi. 260 $aRoma :$bPro manuscripto,$c[200-?] 300 $a153 p. :$bill. ;$c24 cm. 500 $aContiene : Appendici ; Bibliografia sul PIME in Cina. - Dono dell'Arcivescovo Mons. Mario Delpini. 650 4$aCina - Missioni.$0(OLS)http://semarc/subject/12908 650 4$aPIME - Storia.$0(OLS)http://semarc/subject/1537 850 $aSeMil 852 $aSeMil$W1$xVenegono$y1$m3E IV 373$j46790$B46790$CSeMilBibl$Z2$F49175 $81 941 1 $a7 961 $aOmaggio: Delpini mons. Mario 996 $6245$aMissionari PIME in Cina :$bsfide passate e presenti$9(OLS)http://semarc/title/404616 996 $6260$aRoma :$bPro manuscripto$9(OLS)http://semarc/publisher/43392